Quick look nursing : (Record no. 84494)

MARC details
000 -LEADER
fixed length control field 01580nam a22002537a 4500
003 - CONTROL NUMBER IDENTIFIER
control field URS
005 - DATE AND TIME OF LATEST TRANSACTION
control field 20251015145835.0
008 - FIXED-LENGTH DATA ELEMENTS--GENERAL INFORMATION
fixed length control field 250820b |||||||| |||| 00| 0 eng d
020 ## - INTERNATIONAL STANDARD BOOK NUMBER
International Standard Book Number 978-1-83947-428-6
040 ## - CATALOGING SOURCE
Language of cataloging English
Transcribing agency URS
Description conventions rda
050 ## - LIBRARY OF CONGRESS CALL NUMBER
Classification number RT87.N87
Item number J64 2024
100 ## - MAIN ENTRY--PERSONAL NAME
Personal name Johnson, Jamarion,
Relator term author.
9 (RLIN) 6402
245 #0 - TITLE STATEMENT
Title Quick look nursing :
Remainder of title nutrition /
Statement of responsibility, etc Jamarion Johnson.
264 ## - PUBLICATION, DISTRIBUTION, ETC. (IMPRINT)
Place of publication, distribution, etc United Kingdom :
Name of publisher, distributor, etc Ed-Tech Press,
Date of publication, distribution, etc ©2024.
300 ## - PHYSICAL DESCRIPTION
Extent 269 pages ;
Dimensions 24 cm.
336 ## - CONTENT TYPE
Content type term text
Content type code txt
Source rdacontent
337 ## - MEDIA TYPE
Media type term unmediated
Media type code n
Source rdamedia
338 ## - CARRIER TYPE
Carrier type term volume
Carrier type code nc
Source rdacarrier
500 ## - GENERAL NOTE
General note Includes index.
505 ## - FORMATTED CONTENTS NOTE
Formatted contents note Nutrition in nursing -- Carbohydrates -- Protein -- Lipids -- Vitamins -- Water and minerals -- Energy balance -- Guidelines for healthy eating -- Consumer issues -- Cultural and religious influences on food and nutrition -- Healthy eating for healthy babies -- Nutrition for infants, children, and adolescents -- Nutrition for older adults -- Obesity and eating disorders -- Feeding patients : oral diets and enteral and parenteral nutrition -- Nutrition for patients with metabolic or respiratory stress -- Nutrition for patients with upper gastrointestinal disorders -- Nutrition for patients with disorders of the lower GI tract and accessory organs -- Nutrition for patients with diabetes mellitus -- Nutrition for patients with cardiovascular disorders -- Nutrition for patients with kidney disorders -- Nutrition for patients with cancer or HIV/AIDS.
650 #0 - SUBJECT ADDED ENTRY--TOPICAL TERM
Topical term or geographic name as entry element Nursing.
9 (RLIN) 1023
650 #0 - SUBJECT ADDED ENTRY--TOPICAL TERM
Topical term or geographic name as entry element Nutrition.
9 (RLIN) 1152
942 ## - ADDED ENTRY ELEMENTS (KOHA)
Koha item type Reserved Books
Source of classification or shelving scheme Library of Congress Classification
Holdings
Withdrawn status Lost status Source of classification or shelving scheme Damaged status Not for loan Collection code Home library Current library Shelving location Date acquired Source of acquisition Total Checkouts Full call number Barcode Date last seen Copy number Cost, replacement price Koha item type
    Library of Congress Classification     Non-fiction Taytay College Library Taytay College Library Nursing Collection 08/12/2025 Purchased   RT87.N87 J64 2024 URSTAY-5836 08/20/2025 1 7348.00 Reserved Books

University of Rizal System
Email us at univlibservices@urs.edu.ph

Visit our Website www.urs.edu.ph/library